Mexico (Record no. 99038)

MARC details
000 -LEADER
campo de control de longitud fija 00735nam a2200193 i 4500
001 - NÚMERO DE CONTROL
campo de control 99038
003 - IDENTIFICADOR DE NÚMERO DE CONTROL
campo de control ES-MaACL
005 - FECHA Y HORA DE LA ÚLTIMA TRANSACCIÓN
campo de control 20250707040004.0
007 - CAMPO FIJO DE DESCRIPCIÓN FÍSICA--INFORMACIÓN GENERAL
campo de control de longitud fija t|
008 - DATOS DE LONGITUD FIJA--INFORMACIÓN GENERAL
campo de control de longitud fija 051110s1914 xxk ||||1| eng d
100 1# - ENTRADA PRINCIPAL--NOMBRE DE PERSONA
Nombre de persona Enock, C. Reginald.
9 (RLIN) 47255
245 10 - MENCIÓN DEL TÍTULO
Título Mexico
Resto del título : its ancient and modern civilisation, history, and political conditions, topography and natural resources industries and general development... /
Mención de responsabilidad, etc. by C. Reginald Enock ; with and introduction by Martin Hume...
260 ## - PUBLICACIÓN, DISTRIBUCIÓN, ETC.
Lugar de publicación, distribución, etc. London :
Nombre del editor, distribuidor, etc. T. Fisher,
Fecha de publicación, distribución, etc. [1914]
300 ## - DESCRIPCIÓN FÍSICA
Extensión XXXVI, 362 p., 1 map., 25 lám. ;
Dimensiones 23 cm.
651 #4 - PUNTO DE ACCESO ADICIONAL DE MATERIA--NOMBRE GEOGRÁFICO
Nombre geográfico México-
Subdivisión general Descripción.
9 (RLIN) 9061
700 1# - ENTRADA AGREGADA--NOMBRE PERSONAL
Nombre de persona Hume, Martin,
Fechas asociadas al nombre 1847-1910
9 (RLIN) 64726
852 ## - LOCALIZACIÓN
Ubicación ES-MaACL
Número de control de estantería G-4756
Holdings
Estatus retirado Estado de pérdida Estado de daño No para préstamo Biblioteca de origen Biblioteca actual Ubicación en estantería Fecha de adquisición Fuente de adquisición Total de préstamos Signatura topográfica completa Código de barras Visto por última vez Precio de reemplazo Tipo de ítem Koha
        Biblioteca del Ateneo de Madrid Biblioteca del Ateneo de Madrid Depósito 2 17/01/2008     G-4756 1103399 23/02/2023 23/02/2023 Libro impreso